अज्ञात चितवन / (Record no. 197584)

MARC details
000 -LEADER
fixed length control field 00836nam a22002177a 4500
005 - DATE AND TIME OF LATEST TRANSACTION
control field 20230828123208.0
010 ## - LCCN (DPL NO)
LC control number HIN-125679
020 ## - INTERNATIONAL STANDARD BOOK NUMBER
Terms of availability 250.00
International Standard Book Number 9789392080197
035 ## - SYSTEM CONTROL NUMBER
System control number HN-98025
037 ## - SOURCE OF ACQUISITION
Source of stock number/acquisition DBAD/PUB
082 ## - DEWEY DECIMAL CLASSIFICATION NUMBER
Classification number 821
100 ## - MAIN ENTRY--PERSONAL NAME
Personal name शुक्ल,पीयूष
245 ## - TITLE STATEMENT
Title अज्ञात चितवन /
Statement of responsibility, etc शुक्ल,पीयूष
260 ## - PUBLICATION, DISTRIBUTION, ETC. (IMPRINT)
Name of publisher, distributor, etc किताब महल पब्लिशर्स
Date of publication, distribution, etc 2022
Place of publication, distribution, etc नई दिल्ली
270 ## - ADDRESS
Address 4655/21 अंसारी रोड ग्राउंड फ्लोर दरियागंज
City नई दिल्ली
Postal code 110002
300 ## - PHYSICAL DESCRIPTION
Extent 146 पृ.
Dimensions 22 सेमी(अजिल्द )
650 ## - SUBJECT ADDED ENTRY--TOPICAL TERM
General subdivision
Geographic subdivision
650 ## - SUBJECT ADDED ENTRY--TOPICAL TERM
Form subdivision
700 ## - ADDED ENTRY--PERSONAL NAME
9 (RLIN) 55383
942 ## - ADDED ENTRY ELEMENTS (KOHA)
Source of classification or shelving scheme Dewey Decimal Classification
Item type Hindi Books
Classification part 821
Call number suffix शुक्लप
Holdings
Withdrawn status Lost status Not for loan Collection code Home library Current library Date acquired Source of acquisition Cost, normal purchase price Full call number Barcode Copy number Cost, replacement price Koha item type
      Non-fiction Ashok Vihar Ashok Vihar 28/08/2023 DBAD 250.00 821 शुक्लप HN-98025 1 250.00 Hindi Books

© Delhi Public Library
Hit Counter
free hit counter